Teaching guide for senior high school statistics and probability : (Record no. 354938)
[ view plain ]
| 000 -LEADER | |
|---|---|
| fixed length control field | 00336nam a2200097Ia 4500 |
| 008 - FIXED-LENGTH DATA ELEMENTS--GENERAL INFORMATION | |
| fixed length control field | 180205s9999 xx 000 0 und d |
| 100 ## - MAIN ENTRY--PERSONAL NAME | |
| Personal name | Albert, Jose Ramon G. |
| 245 ## - TITLE STATEMENT | |
| Title | Teaching guide for senior high school statistics and probability : |
| Remainder of title | core subject |
| 260 ## - PUBLICATION, DISTRIBUTION, ETC. (IMPRINT) | |
| Place of publication, distribution, etc | Quezon City |
| Name of publisher, distributor, etc | Commision on higher education |
| Date of publication, distribution, etc | 2016 |
| 300 ## - PHYSICAL DESCRIPTION | |
| Extent | 422 pages |
| Withdrawn status | Lost status | Damaged status | Home library | Current library | Shelving location | Date acquired | Source of acquisition | Total Checkouts | Total Renewals | Full call number | Barcode | Date last seen | Date checked out | Price effective from | Koha item type |
|---|---|---|---|---|---|---|---|---|---|---|---|---|---|---|---|
| College Library | College Library | Filipiniana Section | 02/05/2018 | Library Fund | 1 | 14 | QA 276 .Al333 2016 | c21165 | 10/24/2018 | 07/09/2018 | 02/05/2018 | Books |